000 01242nam a22003257i 4500
003 EG-GICUC
005 20260419100037.0
008 260419s1956 as |||fr|||| 00| 0 eng d
040 _aEG-GiCUC
_beng
_cEG-GiCUC
_dEG-GiCUC
_erda
041 _aeng
082 0 4 _221
_a343.1
_bAM . M
092 0 4 _221
099 _aLaw1 10 343.1 AM. M 1956
110 _kThe American Law Institute
_eAuthor.
245 1 0 _aModel Penal Code.
_nTentative Drafts No. 1,2,3 and 4 /
_cBy the american law institute.
264 1 _aPhiladelphia :
_bThe American Institute,
_c1956.
300 _a302 pages :
_c24 cm
_billustrations,
336 _2rda content
_atext
337 _2rda media
_aComputer
338 _2rda carrier
_aOnline Resource
500 _aSubmitted by the Council to the Members for Discussion at the Thirtieth Annual Meeting May 20, 21, 22 and 23, 1953
500 _aSUBJECTS COVERED: Plan of the Code Article 2. General Principles of Liability Article 206 Property Crimes
504 _aBibliography: pages 200-250.
546 _aText in English
650 1 4 _aCriminal Law - The general part
_2qrmak
651 1 _2qrmak
856 4 0 _uhttps://fll.law.cu.edu.eg/fulltext/bks/B10-10094.pdf
905 _a161
942 _2ddc
_cBK
_e21
_n0
999 _c71781
_d71781